000 00471nam a2200169 a 4500
005 20140412111348.0
008 050420s19uu xx 00 eng d
020 _a84-7773-804-1
050 _aER
_bGn53 2002
245 _aGnomes /
_cGrafalco, S. A.
260 _aPhilippines :
_bNational Bookstore, Inc,
_c2002.
300 _a1 v. (unp.) ; ill.
500 _aContents: Tribilitin--Ting-a-ling.
650 _aFolktales
650 _aChildren stories
999 _c105245
_d105245